Estatísticas para Livros da Bíblia

Clique aqui para jogar o quiz

Estatísticas Gerais

  • Esse quiz foi jogado 2,169 vezes
  • A pontuação média é 30 de 66

Estatísticas das Respostas

Hint Answer % Correto
1Gênesis
94%
43João
86%
40Mateus
85%
2Êxodo
84%
66Apocalipse
82%
19Salmos
81%
42Lucas
79%
41Marcos
75%
4Números
72%
3Levítico
71%
5Deuteronômio
68%
8Rute
63%
44Atos
60%
20Provérbios
58%
17Ester
53%
45Romanos
53%
6Josué
52%
23Isaías
52%
7Juízes
52%
65Judas
49%
24Jeremias
48%
27Daniel
46%
39Malaquias
45%
59Tiago
44%
21Eclesiastes
42%
26Ezequiel
41%
58Hebreus
40%
11I Reis
40%
12II Reis
40%
15Esdras
39%
50Filipenses
38%
48Gálatas
38%
22Cânticos
38%
16Neemias
38%
49Efésios
37%
9I Samuel
37%
63II João
37%
62I João
37%
38Zacarias
37%
10II Samuel
36%
46I Coríntios
36%
47II Coríntios
36%
13I Crônicas
35%
32Jonas
35%
35Habacuque
34%
14II Crônicas
34%
28Oséias
33%
64III João
33%
25Lamentações
33%
61II Pedro
32%
51Colossenses
32%
60I Pedro
32%
30Amós
32%
56Tito
31%
34Naum
30%
31Obadias
30%
36Sofonias
28%
52I Tessalonicenses
27%
37Ageu
27%
33Miquéias
27%
53II Tessalonicenses
26%
29Joel
26%
54I Timóteo
25%
55II Timóteo
24%
57Filemom
24%
18O Livro de Jó
23%

Distribuição das Pontuações

Percentil de Números Respondidos

Porcentagem de Pessoas com Cada Pontuação

Sua Pontuação Histórica

Você não jogou esse quiz